Fines de la educación superior
Gardado en:
| Main Authors: | , , , , , |
|---|---|
| Outros autores: | |
| Formato: | Libro |
| Idioma: | Lingua castelá |
| Publicado: |
Ciudad de México
UTEHA
1963
|
| Series: | Manuales UTEHA, 182
|
| Subjects: | |
| Tags: |
Engadir etiqueta
Sen Etiquetas, Sexa o primeiro en etiquetar este rexistro!
|
MARC
| LEADER | 00000nam a2200000 a 4500 | ||
|---|---|---|---|
| 001 | UCZ8480 | ||
| 003 | CL-VaPUC | ||
| 008 | 960121e19630000MX |||||||||||||||||spa|d | ||
| 082 | 0 | 4 | |a 378.01 |b WEA |2 21 |
| 100 | 0 | |a Weatherford, Willis D |e author |9 353794 | |
| 700 | 0 | |a Taylor, Harold |e author |9 353795 | |
| 700 | 0 | |a Sullivan, Richard |e author |9 353796 | |
| 700 | 0 | |a Blanshard, Brand |e author |9 353797 | |
| 700 | |a Klein, Jacob |e author |9 451753 | ||
| 700 | 0 | |a Allport, Gordon W |e author |9 343422 | |
| 700 | |a Morgan, Arthur E. |e autor |9 353799 | ||
| 245 | 1 | 0 | |a Fines de la educación superior |
| 300 | |a 145 p | ||
| 942 | |c BK | ||
| 945 | |d 19960121 00:00:00 |a cmena | ||
| 260 | |a Ciudad de México |b UTEHA |c 1963 | ||
| 650 | 0 | |a Educación superior |9 223851 | |
| 650 | 0 | |a Universidades |9 256317 | |
| 650 | 7 | |a PAPEL DE LA EDUCACION |2 CL-VaPUC |9 338800 | |
| 650 | 0 | |a Estudiantes universitarios |9 334744 | |
| 650 | 0 | |a Ética |9 255099 | |
| 650 | 0 | |a Integración social |9 319662 | |
| 650 | 0 | |a Individualismo |9 313336 | |
| 583 | |a last modification |c 19960121 00:00:00 |k Rodrigo Vera | ||
| 490 | 0 | |a Manuales UTEHA, 182 | |
| 999 | |c 244369 |d 244367 | ||
| 952 | |0 0 |1 0 |4 0 |6 378_010000000000000_WEA_1963 |7 0 |8 P |9 258409 |a BIBEDU |b BIBEDU |c BIBEDU_PB |d 2019-11-19 |i 1615947 |o 378.01 WEA 1963 |p 1615947 |r 2024-01-25 |w 2019-11-19 |y BK |k EDU | ||
| 952 | |0 0 |1 0 |4 0 |6 378_010000000000000_WEA_1963 |7 0 |8 P |9 258410 |a BIBEDU |b BIBEDU |c BIBEDU_PB |d 2019-11-19 |i 163383K |o 378.01 WEA 1963 |p 163383K |r 2024-01-25 |w 2019-11-19 |y BK |k EDU | ||